000 00315nam a2200133 i 4500
001 bg
100 1 _aMELANDER, L.
245 0 _aIzotopnyje effekty v skorostjach reakcij /
_cL. Melander.
260 _aMoskva,
_c1964.
040 _cBPK
041 _apol
942 _cKS
008 s pl f |000 0 pol
999 _c12686
_d12686
856 _uhttp://koha.tu.koszalin.pl/cgi-bin/koha/opac-detail.pl?biblionumber=12686
_yKatalog online BPK